000 00305nam a22001337a 4500
020 _a9789004168619
082 _a791.43612 BAK
100 _aBakker, Freel L.
245 _aTheChallenge of the Silver Screen
260 _aBosten
_bBrill
_c2009
300 _a282
650 _aFilms-Religious
942 _cBK
999 _c19686
_d19686